000 00601nam a22002297a 4500
003 UA-OsUOA
001 51856
007 ta
008 20080123b un ||||| |||| 00| 0 ukr d
100 _aКожевников В.
090 _a821.161.1
_bК58
942 _cBK
040 _aUA-OsUOA
_brus
_cUA-OsUOA
_dUA-OsUOA
245 _aЗаре навстречу
300 _a520 с.
955 _a3
041 _arus
080 _a821.161.1
260 _aК.
_bРадянська школа
_c1985
650 7 _a82 Література. Літературознавство
_2UDC
999 _c337916
_d337916